[Event "Moravia-Silesia Region-chT 2223"]
[Site "Czech Republic"]
[Date "2023.03.19"]
[Round "10"]
[White "Reznicek, Marcel"]
[Black "Buchtova, Viktorie"]
[Result "1-0"]
[WhiteElo "2011"]
[BlackElo "1560"]
[PlyCount "65"]
[EventDate "2022.10.09"]
[EventType "team-tourn"]
[EventRounds "11"]
[EventCountry "CZE"]
[SourceTitle "EXT 2024"]
[Source "ChessBase"]
[SourceDate "2023.10.10"]
[SourceVersion "1"]
[SourceVersionDate "2023.10.10"]
[SourceQuality "1"]
[WhiteTeam "Havirov Banik"]
[BlackTeam "Frydek Mistek IV"]
[WhiteTeamCountry "CZE"]
[BlackTeamCountry "CZE"]

1. e4 c5 2. Nc3 Nc6 3. g3 g6 4. Bg2 Bg7 5. f4 d6 6. d3 Nf6 7. h3 Bd7 8. g4 h6 9. Nge2 a6 10. Ng3 Qc7 11. Nd5 Nxd5 12. exd5 Nd4 13. c3 Nb5 14. 0-0 Qb6 15. f5 0-0-0 16. a4 Nc7 17. a5 Qb5 18. Re1 Be5 19. Rxe5 dxe5 20. c4 Qb4 21. Ra2 e6 22. Bd2 Ba4 23. Rxa4 Qxb2 24. Ne2 b5 25. Bc3 Qxc3 26. Nxc3 bxa4 27. fxe6 fxe6 28. Qxa4 Rd6 29. Ne4 Rdd8 30. d6 Na8 31. Qc6+ Kb8 32. Nxc5 Rh7 33. Qxa8# 1-0

[Event "Moravia-Silesia Region-chT 2223"]
[Site "Czech Republic"]
[Date "2023.02.26"]
[Round "9"]
[White "Reznicek, Marcel"]
[Black "Suchanek, Miroslav"]
[Result "1-0"]
[WhiteElo "1977"]
[BlackElo "2096"]
[PlyCount "99"]
[EventDate "2022.10.09"]
[EventType "team-tourn"]
[EventRounds "11"]
[EventCountry "CZE"]
[SourceTitle "EXT 2024"]
[Source "ChessBase"]
[SourceDate "2023.10.10"]
[SourceVersion "1"]
[SourceVersionDate "2023.10.10"]
[SourceQuality "1"]
[WhiteTeam "Havirov Banik"]
[BlackTeam "Dolni Benesov II"]
[WhiteTeamCountry "CZE"]
[BlackTeamCountry "CZE"]

1. e4 d5 2. e5 c5 3. f4 Nc6 4. Nf3 h5 5. c3 a6 6. d3 Nh6 7. Na3 e6 8. Nc2 Be7 9. Be2 g6 10. 0-0 b5 11. d4 h4 12. Be3 Nf5 13. Bf2 c4 14. Ne3 Ng7 15. Ng4 Bb7 16. Qe1 Nf5 17. Ne3 b4 18. Qd2 a5 19. Nc2 Qd7 20. Ng5 Bxg5 21. fxg5 Qe7 22. Bg4 0-0-0 23. Be1 Rh7 24. h3 b3 25. axb3 cxb3 26. Na3 Ba6 27. Rf3 Qa7 28. Bf2 Rd7 29. Rf4 Ng3 30. Bxg3 hxg3 31. Qe1 Bd3 32. Qe3 Be4 33. Nb5 Qb6 34. Nd6+ Rxd6 35. exd6 Kd7 36. Qxg3 Qb5 37. Raf1 Nd8 38. Qe3 Qd3 39. Qxd3 Bxd3 40. Ra1 Nc6 41. Bd1 Kxd6 42. Bxb3 Bf5 43. Ba4 e5 44. Rf2 Nd8 45. dxe5+ Kxe5 46. Bb3 Nb7 47. Rd2 Be4 48. Re1 f5 49. gxf6 Rd7 50. Rxd5+ 1-0

[Event "Moravia-Silesia Region-chT 2223"]
[Site "Czech Republic"]
[Date "2022.11.13"]
[Round "3"]
[White "Reznicek, Marcel"]
[Black "Sramek, Tomas"]
[Result "1-0"]
[WhiteElo "1962"]
[BlackElo "1947"]
[PlyCount "125"]
[EventDate "2022.10.09"]
[EventType "team-tourn"]
[EventRounds "11"]
[EventCountry "CZE"]
[SourceTitle "EXT 2024"]
[Source "ChessBase"]
[SourceDate "2023.10.10"]
[SourceVersion "1"]
[SourceVersionDate "2023.10.10"]
[SourceQuality "1"]
[WhiteTeam "Havirov Banik"]
[BlackTeam "Orlova Slavia III"]
[WhiteTeamCountry "CZE"]
[BlackTeamCountry "CZE"]

1. e4 d6 2. g3 Nf6 3. Bg2 g6 4. d4 Bg7 5. f4 c5 6. d5 Qc7 7. c4 b5 8. cxb5 Bb7 9. Nc3 0-0 10. Nge2 Nbd7 11. 0-0 a6 12. Bf3 Qb6 13. bxa6 Bxa6 14. Kg2 Rfb8 15. Rf2 Ra7 16. g4 Ne8 17. Ng3 Nc7 18. Be3 Nb5 19. Nxb5 Qxb5 20. Rb1 Qd3 21. Qxd3 Bxd3 22. Rd1 Ba6 23. b3 Rab7 24. Rc2 Rb4 25. g5 Nb6 26. Rdc1 Nc8 27. Bd2 R4b7 28. Bc3 Na7 29. Bxg7 Kxg7 30. e5 Rb4 31. exd6 exd6 32. f5 Nb5 33. Be2 Bb7 34. Bc4 Nd4 35. Rf2 Re8 36. Rcf1 Nxf5 37. Nxf5+ gxf5 38. Rxf5 Re7 39. h4 Bc8 40. Rf6 Rb6 41. Kg3 Re3+ 42. R1f3 Rxf3+ 43. Kxf3 Ba6 44. Rf4 Bxc4 45. Rxc4 f6 46. Kg4 fxg5 47. Kxg5 Rb7 48. Re4 h6+ 49. Kf5 Ra7 50. Re2 Kf7 51. h5 Rd7 52. Re6 Kg7 53. Rg6+ Kh7 54. Ke6 Ra7 55. Kxd6 Rxa2 56. Kxc5 Rh2 57. b4 Rxh5 58. Rc6 Rh1 59. b5 h5 60. b6 Rc1+ 61. Kd6 Rb1 62. Kc7 h4 63. Rc4 1-0

[Event "CZE-ch Betsys Online Blitz"]
[Site "Chess.com INT"]
[Date "2021.04.17"]
[Round "12"]
[White "Galda, Tomas"]
[Black "Reznicek, Marcel"]
[Result "1-0"]
[WhiteElo "1552"]
[BlackElo "2026"]
[PlyCount "157"]
[EventDate "2021.04.17"]
[EventType "swiss (blitz)"]
[EventRounds "13"]
[EventCountry "CZE"]
[SourceTitle "CBM 201 Extra"]
[Source "ChessBase"]
[SourceDate "2021.05.31"]
[SourceVersion "1"]
[SourceVersionDate "2021.05.31"]
[SourceQuality "1"]

1. e4 c5 2. Nf3 g6 3. c3 Bg7 4. d4 cxd4 5. cxd4 d5 6. e5 Nc6 7. Bb5 Bd7 8. Nc3 e6 9. 0-0 Nge7 10. Bg5 a6 11. Ba4 b5 12. Bc2 0-0 13. a3 Qb6 14. Qd2 Rfe8 15. Rad1 Na5 16. Qe2 Nc4 17. Nd2 Nxb2 18. Rb1 Nc4 19. Nxc4 dxc4 20. Qxc4 Rac8 21. Qd3 Bc6 22. Bxe7 Rxe7 23. Ne4 Bxe4 24. Qxe4 Rd7 25. Rfd1 Rc4 26. Rb4 Rxb4 27. axb4 Bf8 28. Bb3 Bxb4 29. d5 a5 30. d6 Kf8 31. Qh4 h5 32. Qf4 Kg8 33. h4 Qd8 34. Rc1 Kg7 35. g3 Ba3 36. Rc2 a4 37. Ba2 b4 38. Rc4 b3 39. Bb1 Qb6 40. Rxa4 Qc5 41. Rc4 Qd5 42. Rd4 Qc5 43. Qe3 Qc1+ 44. Qxc1 Bxc1 45. Rb4 b2 46. Rc4 f6 47. Rc7 fxe5 48. Rxd7+ Kf6 49. Rc7 e4 50. Bxe4 Ke5 51. Bxg6 Kxd6 52. Rb7 Kc6 53. Rb3 Kc5 54. Bxh5 Kc4 55. Rb8 Kc3 56. Bg6 e5 57. Be4 Kd4 58. f3 Be3+ 59. Kf1 Kc3 60. Ke2 Bd4 61. h5 Ba7 62. Rb7 Bc5 63. Rc7 Kd4 64. Rxc5 Kxc5 65. h6 Kd6 66. h7 b1Q 67. Bxb1 Ke7 68. h8Q e4 69. Qe5+ Kd7 70. Qxe4 Kd6 71. Qf5 Kc6 72. Ke3 Kb6 73. Kd4 Ka6 74. Kc4 Kb6 75. Qc5+ Kb7 76. Qd6 Ka7 77. Kb5 Ka8 78. Be4+ Ka7 79. Qb6# 1-0

[Event "CZE-ch Betsys Online Blitz"]
[Site "Chess.com INT"]
[Date "2021.04.17"]
[Round "13"]
[White "Reznicek, Marcel"]
[Black "Andrle, Filip"]
[Result "1-0"]
[WhiteElo "2026"]
[BlackElo "1503"]
[PlyCount "73"]
[EventDate "2021.04.17"]
[EventType "swiss (blitz)"]
[EventRounds "13"]
[EventCountry "CZE"]
[SourceTitle "CBM 201 Extra"]
[Source "ChessBase"]
[SourceDate "2021.05.31"]
[SourceVersion "1"]
[SourceVersionDate "2021.05.31"]
[SourceQuality "1"]

1. e4 c6 2. d4 d5 3. e5 c5 4. c3 Nc6 5. f4 cxd4 6. cxd4 Qb6 7. Nf3 Bg4 8. Be3 Qxb2 9. Nbd2 Rc8 10. Rb1 Qxa2 11. Rxb7 e6 12. Bb5 Nge7 13. 0-0 a6 14. Bxc6+ Nxc6 15. Qb1 Qxb1 16. Rfxb1 Bb4 17. R1xb4 Nxb4 18. Rxb4 0-0 19. Kf2 a5 20. Ra4 h5 21. h3 Bf5 22. Rxa5 Rc2 23. Ra7 Be4 24. g4 Rfc8 25. Ng5 R8c7 26. Rxc7 Rxc7 27. Ngxe4 dxe4 28. Nxe4 hxg4 29. hxg4 Kf8 30. Kf3 Rc2 31. f5 exf5 32. gxf5 Ke7 33. Bg5+ f6 34. exf6+ gxf6 35. Bxf6+ Kf7 36. Be5 Rc4 37. Nd6+ 1-0

[Event "Prague Golden rap op 13th"]
[Site "Prague"]
[Date "2017.07.01"]
[Round "3"]
[White "Aubrecht, Petr"]
[Black "Reznicek, Marcel"]
[Result "0-1"]
[WhiteElo "1659"]
[BlackElo "2091"]
[PlyCount "110"]
[EventDate "2017.07.01"]
[EventType "swiss (rapid)"]
[EventRounds "7"]
[EventCountry "CZE"]
[SourceTitle "EXT 2018"]
[Source "ChessBase"]
[SourceDate "2017.10.13"]
[SourceVersion "1"]
[SourceVersionDate "2017.10.13"]
[SourceQuality "1"]

1. b3 d5 2. Bb2 c5 3. e3 Nc6 4. f4 e6 5. Nf3 Nf6 6. Be2 b6 7. 0-0 Bb7 8. Qe1 Qc7 9. d3 0-0-0 10. Ne5 Bd6 11. Na3 a6 12. Nxc6 Qxc6 13. Bf3 Qc7 14. c4 d4 15. Bxb7+ Kxb7 16. Qg3 Rhg8 17. exd4 cxd4 18. Nc2 Ka7 19. Bxd4 Nh5 20. Qf3 Nxf4 21. b4 g5 22. a4 e5 23. Bf2 Qb7 24. Qxb7+ Kxb7 25. c5 Be7 26. Rfd1 Rxd3 27. cxb6 Rgd8 28. Rxd3 Nxd3 29. Be3 f5 30. b5 a5 31. Rd1 f4 32. Bf2 e4 33. Bd4 Rxd4 34. Nxd4 Bc5 35. Kf1 Bxd4 36. Ke2 Kxb6 37. Rd2 Be3 38. Rc2 Nc5 39. Rc4 Bg1 40. h3 h5 41. Kf1 Be3 42. Ke2 g4 43. Rc3 Nxa4 44. Rc6+ Kxb5 45. Rh6 Bc5 46. Rxh5 f3+ 47. gxf3 gxf3+ 48. Kf1 e3 49. Re5 Kc4 50. Re4+ Kb3 51. h4 Nc3 52. Rf4 f2 53. Re4 e2+ 54. Rxe2 Nxe2 55. Kxe2 Bd4 0-1

[Event "Prague Golden rap op 13th"]
[Site "Prague"]
[Date "2017.07.01"]
[Round "6"]
[White "Reznicek, Marcel"]
[Black "Plischki, Sebastian"]
[Result "0-1"]
[WhiteElo "2091"]
[BlackElo "2415"]
[PlyCount "38"]
[EventDate "2017.07.01"]
[EventType "swiss (rapid)"]
[EventRounds "7"]
[EventCountry "CZE"]
[SourceTitle "EXT 2018"]
[Source "ChessBase"]
[SourceDate "2017.10.13"]
[SourceVersion "1"]
[SourceVersionDate "2017.10.13"]
[SourceQuality "1"]

1. h4 e5 2. h5 d5 3. c3 Nc6 4. d4 h6 5. dxe5 Nxe5 6. Bf4 Ng4 7. Nf3 N8f6 8. e3 Bd6 9. Bxd6 Qxd6 10. Bd3 0-0 11. Nbd2 Re8 12. Nf1 c5 13. Qe2 Bd7 14. 0-0-0 Bc6 15. Ng3 Nxe3 16. fxe3 Qxg3 17. Bc2 Rad8 18. Rh3 Qg4 19. Nh2 Qxe2 0-1

[Event "Prague Golden rap op 13th"]
[Site "Prague"]
[Date "2017.07.01"]
[Round "2"]
[White "Reznicek, Marcel"]
[Black "Rahul, Srivatshav P"]
[Result "1/2-1/2"]
[WhiteElo "2091"]
[BlackElo "1822"]
[PlyCount "179"]
[EventDate "2017.07.01"]
[EventType "swiss (rapid)"]
[EventRounds "7"]
[EventCountry "CZE"]
[SourceTitle "EXT 2018"]
[Source "ChessBase"]
[SourceDate "2017.10.13"]
[SourceVersion "1"]
[SourceVersionDate "2017.10.13"]
[SourceQuality "1"]

1. e4 c5 2. Nc3 e6 3. g3 d5 4. Bg2 Nf6 5. e5 Nfd7 6. f4 Nc6 7. d3 Be7 8. Nf3 a6 9. 0-0 b5 10. Ne2 Bb7 11. c3 Qc7 12. d4 c4 13. a3 0-0-0 14. Ng5 Rdf8 15. f5 exf5 16. Bxd5 Bxg5 17. Bxg5 h6 18. Be3 Nb6 19. Bg2 g6 20. Qd2 h5 21. Bg5 Ne7 22. Nf4 Ned5 23. Nxd5 Bxd5 24. Rae1 Re8 25. Bf6 Rhg8 26. Bh3 Re6 27. Qg5 Rge8 28. Re2 Nd7 29. Bg7 Qb6 30. Ref2 Kb8 31. Qd2 Qc6 32. Bh6 f6 33. exf6 Nxf6 34. Bf4+ Kb7 35. Bg2 Qb6 36. Be5 Bxg2 37. Kxg2 Ng4 38. Re2 Nxe5 39. dxe5 Qc6+ 40. Kh3 Rxe5 41. Rxe5 Rxe5 42. Rf2 Rd5 43. Qg5 Qe6 44. Qh6 f4+ 45. Kg2 Qe4+ 46. Kh3 Qf5+ 47. Kg2 f3+ 48. Rxf3 Qc2+ 49. Rf2 Qe4+ 50. Kh3 h4 51. Qg7+ Kb6 52. Rf6+ Ka5 53. Qxg6 Qxg6 54. Rxg6 hxg3 55. Rxg3 Ka4 56. Rg2 Kb3 57. Kg4 Rd8 58. Re2 Rg8+ 59. Kf5 Rf8+ 60. Kg6 Rh8 61. Kg5 Rg8+ 62. Kf4 Rf8+ 63. Kg3 Rg8+ 64. Kf2 Rh8 65. Ke1 a5 66. Kd1 Rh3 67. Kc1 b4 68. axb4 axb4 69. cxb4 Kxb4 70. Kc2 Rf3 71. Rg2 Rh3 72. Rf2 Rh4 73. Kd2 Kb3 74. Kc1 c3 75. bxc3 Kxc3 76. Kd1 Kd4 77. Ke2 Ke5 78. Kf1 Rf4 79. Kg2 Rxf2+ 80. Kxf2 Kf4 81. Kg2 Kg4 82. h3+ Kh5 83. Kh2 Kh6 84. Kg3 Kg6 85. Kg4 Kf6 86. Kh5 Kg7 87. h4 Kh7 88. Kg5 Kg7 89. Kh5 Kh7 90. Kg5 1/2-1/2

[Event "Prague Golden rap op 13th"]
[Site "Prague"]
[Date "2017.07.01"]
[Round "5"]
[White "Simecek, Bohumil"]
[Black "Reznicek, Marcel"]
[Result "0-1"]
[WhiteElo "1983"]
[BlackElo "2091"]
[PlyCount "86"]
[EventDate "2017.07.01"]
[EventType "swiss (rapid)"]
[EventRounds "7"]
[EventCountry "CZE"]
[SourceTitle "EXT 2018"]
[Source "ChessBase"]
[SourceDate "2017.10.13"]
[SourceVersion "1"]
[SourceVersionDate "2017.10.13"]
[SourceQuality "1"]

1. d4 Nf6 2. c4 g6 3. Nc3 d5 4. Bg5 Ne4 5. Bh4 c6 6. e3 Bg7 7. Nf3 0-0 8. Be2 h6 9. Nxe4 dxe4 10. Nd2 f5 11. 0-0 g5 12. Bg3 f4 13. exf4 gxf4 14. Bh4 Qxd4 15. Bxe7 Re8 16. Ba3 Bf5 17. Nb3 Qf6 18. Qd2 Be6 19. Nc5 f3 20. Nxe4 Qg6 21. Bxf3 Bxc4 22. Rfe1 Bd5 23. Qe3 Nd7 24. Qf4 Ne5 25. Qg3 Nxf3+ 26. gxf3 Re6 27. Qxg6 Rxg6+ 28. Kh1 Kh7 29. Rad1 Re8 30. b3 b6 31. Rd3 Rge6 32. Rde3 Bd4 33. R3e2 c5 34. Bc1 Bg7 35. Kg2 Rg6+ 36. Kh1 Rf8 37. Re3 Bd4 38. Rd3 Bc6 39. Rg1 Re6 40. Rg3 Rxe4 41. fxe4 Bxe4+ 42. Kg1 Bxf2+ 43. Kf1 Bxg3+ 0-1

[Event "Prague Golden rap op 13th"]
[Site "Prague"]
[Date "2017.07.01"]
[Round "1"]
[White "Veselsky, Jan"]
[Black "Reznicek, Marcel"]
[Result "0-1"]
[WhiteElo "1727"]
[BlackElo "2091"]
[PlyCount "44"]
[EventDate "2017.07.01"]
[EventType "swiss (rapid)"]
[EventRounds "7"]
[EventCountry "CZE"]
[SourceTitle "EXT 2018"]
[Source "ChessBase"]
[SourceDate "2017.10.13"]
[SourceVersion "1"]
[SourceVersionDate "2017.10.13"]
[SourceQuality "1"]

1. d4 Nf6 2. c4 g6 3. Nc3 d5 4. Nf3 Bg7 5. Bf4 c6 6. e3 0-0 7. Be2 a6 8. 0-0 b5 9. cxd5 cxd5 10. Rc1 Bd7 11. a3 Nc6 12. Qb3 Na5 13. Qd1 Nc4 14. Qb3 Rc8 15. Rfd1 Bc6 16. Ne5 Ba8 17. a4 Na5 18. Qc2 b4 19. Nb1 Rxc2 20. Rxc2 Ne4 21. Rdc1 Nd6 22. Rc5 Nb3 0-1

[Event "IPCA Wch 17th"]
[Site "Ruzomberok"]
[Date "2017.06.01"]
[Round "5"]
[White "Reznicek, Marcel"]
[Black "Jennitha, Anto K"]
[Result "1/2-1/2"]
[WhiteElo "2081"]
[BlackElo "1949"]
[PlyCount "113"]
[EventDate "2017.05.28"]
[EventType "swiss"]
[EventRounds "9"]
[EventCountry "SVK"]
[SourceTitle "EXT 2018"]
[Source "ChessBase"]
[SourceDate "2017.10.13"]
[SourceVersion "1"]
[SourceVersionDate "2017.10.13"]
[SourceQuality "1"]

1. e4 c5 2. g3 g6 3. Bg2 Bg7 4. c3 Nc6 5. Ne2 e5 6. d3 Nge7 7. Bg5 d6 8. Nd2 0-0 9. h4 h5 10. Nb3 Rb8 11. Qd2 b5 12. f3 f6 13. Be3 c4 14. Nbc1 d5 15. d4 a5 16. 0-0 Be6 17. dxe5 fxe5 18. Bg5 Qb6+ 19. Be3 d4 20. Bf2 Rbd8 21. Kh2 Qb8 22. Ng1 dxc3 23. Qxc3 b4 24. Qe3 Nd4 25. Rb1 Nec6 26. Nce2 Nxe2 27. Nxe2 Nd4 28. Ng1 Kh7 29. g4 hxg4 30. fxg4 Bxg4 31. Qg3 Bh5 32. Be3 Rxf1 33. Rxf1 Rf8 34. Nh3 Rxf1 35. Ng5+ Kg8 36. Bxf1 Qc8 37. Bh3 Qd8 38. Qf2 Bf6 39. Ne6 Nf3+ 40. Kg2 Qd1 41. Ng5 Bxg5 42. hxg5 c3 43. bxc3 bxc3 44. Be6+ Kg7 45. Bb3 Qe1 46. Qxe1 Nxe1+ 47. Kf1 Nf3 48. Bb6 Nxg5 49. Bc2 Bf3 50. Bc7 Bxe4 51. Bxe5+ Kh6 52. Bb3 c2 53. Bb2 Nf3 54. Ke2 Nd4+ 55. Bxd4 c1Q 56. Be3+ Qxe3+ 57. Kxe3 1/2-1/2

[Event "IPCA Wch 17th"]
[Site "Ruzomberok"]
[Date "2017.05.29"]
[Round "2"]
[White "Obodchuk, Andrei"]
[Black "Reznicek, Marcel"]
[Result "1/2-1/2"]
[WhiteElo "2374"]
[BlackElo "2081"]
[PlyCount "122"]
[EventDate "2017.05.28"]
[EventType "swiss"]
[EventRounds "9"]
[EventCountry "SVK"]
[SourceTitle "EXT 2018"]
[Source "ChessBase"]
[SourceDate "2017.10.13"]
[SourceVersion "1"]
[SourceVersionDate "2017.10.13"]
[SourceQuality "1"]

1. e4 c5 2. Nf3 g6 3. d4 cxd4 4. Nxd4 Bg7 5. Nc3 Nc6 6. Be3 d6 7. Qd2 Bd7 8. 0-0-0 h5 9. Kb1 Rc8 10. f3 Nf6 11. Be2 a6 12. Nxc6 Bxc6 13. Bd4 0-0 14. Nd5 Nxd5 15. Bxg7 Kxg7 16. exd5 Bd7 17. g4 Rh8 18. h3 Qb6 19. Rde1 e5 20. dxe6 Bxe6 21. Rd1 Qc5 22. h4 Rc6 23. Qd4+ Qe5 24. Rh2 Rhc8 25. c3 f6 26. Rg2 hxg4 27. fxg4 Qa5 28. a3 Rb6 29. Rg3 Rc5 30. Kc1 Rd5 31. Qf2 Qc5 32. Qf4 Rxd1+ 33. Bxd1 g5 34. Qd2 gxh4 35. Re3 Bf7 36. Bc2 Qg5 37. Kb1 Rb5 38. Qf2 Qxg4 39. Re1 Rg5 40. Rf1 Qe6 41. Bb3 Bg6+ 42. Ka2 Qf5 43. Qe1 Qe4 44. Qd1 Qd3 45. Qc1 h3 46. Rd1 Qg3 47. Qd2 Qg2 48. Qxd6 h2 49. Qe7+ Kh6 50. Qxf6 Kh5 51. Qh8+ Kg4 52. Be6+ Kf3 53. Qd4 h1Q 54. Bd5+ Rxd5 55. Qxd5+ Kg4 56. Qd7+ Kg5 57. Qe7+ Kf5 58. Qd7+ Kg5 59. Qe7+ Kf5 60. Qd7+ Kf4 61. Qd6+ Kf5 1/2-1/2

[Event "IPCA Wch 17th"]
[Site "Ruzomberok"]
[Date "2017.05.28"]
[Round "1"]
[White "Reznicek, Marcel"]
[Black "Zicho, Anton"]
[Result "1-0"]
[WhiteElo "2081"]
[BlackElo "1531"]
[PlyCount "163"]
[EventDate "2017.05.28"]
[EventType "swiss"]
[EventRounds "9"]
[EventCountry "SVK"]
[SourceTitle "EXT 2018"]
[Source "ChessBase"]
[SourceDate "2017.10.13"]
[SourceVersion "1"]
[SourceVersionDate "2017.10.13"]
[SourceQuality "1"]

1. e4 c6 2. d4 d5 3. e5 Bf5 4. g4 Be4 5. f3 Bg6 6. h4 h5 7. g5 e6 8. Bd3 Bxd3 9. Qxd3 g6 10. Ne2 Bb4+ 11. c3 Ba5 12. Nd2 Nd7 13. b4 Bc7 14. f4 Ne7 15. Ng3 b5 16. 0-0 Nf5 17. Nxf5 exf5 18. Nb3 0-0 19. a4 a6 20. a5 Re8 21. Bd2 Nf8 22. Rae1 Ne6 23. Be3 Qd7 24. Nc1 Rad8 25. Ne2 Kg7 26. Ng3 Nf8 27. Kh2 Qe6 28. Rg1 Rd7 29. Rd1 Red8 30. Qe2 Re8 31. Qf3 Red8 32. Kg2 Re7 33. Kf2 Nd7 34. Rg2 Rh8 35. Ne2 Ree8 36. Nc1 Bd8 37. Nd3 Be7 38. Rc1 Rc8 39. Ke2 Rhd8 40. Nf2 Rh8 41. Kf1 Rhd8 42. Nd1 Rh8 43. Bd2 Rhd8 44. Qd3 Rh8 45. Kg1 Rhd8 46. Kh2 Rh8 47. Ne3 Nf8 48. Rcg1 Rd8 49. Rg3 Rc8 50. Bc1 Bd8 51. Bb2 Be7 52. Rc1 Rd8 53. Rc2 Rc8 54. Rg1 Rd8 55. Bc1 Rc8 56. Bd2 Rd8 57. Rgc1 Nd7 58. Qe2 Rc8 59. Qf3 Rc7 60. c4 bxc4 61. Nxc4 dxc4 62. Rxc4 Nb8 63. d5 Qd7 64. d6 Rcc8 65. Qc3 Kh7 66. dxe7 Rhe8 67. Be3 Rxe7 68. Bc5 Re6 69. Rd4 Qb7 70. Rcd1 Rc7 71. Qd3 Qb5 72. Rd8 Qxd3 73. R1xd3 Rb7 74. Kg3 Kg7 75. Kf3 Kh7 76. Ke3 Kg7 77. R3d4 Kh7 78. Kd3 Kg7 79. Kc4 Kh7 80. Rf8 Kg7 81. Rdd8 Nd7 82. Rg8+ 1-0

[Event "CZE-chT1E 1617"]
[Site "Czech Republic"]
[Date "2017.04.09"]
[Round "11.3"]
[White "Hronek, Martin"]
[Black "Reznicek, Marcel"]
[Result "0-1"]
[WhiteElo "1866"]
[BlackElo "2047"]
[PlyCount "76"]
[EventDate "2016.10.16"]
[EventType "team-tourn"]
[EventRounds "11"]
[EventCountry "CZE"]
[SourceTitle "CBM 177 Extra"]
[Source "ChessBase"]
[SourceDate "2017.04.27"]
[SourceVersion "1"]
[SourceVersionDate "2017.04.27"]
[SourceQuality "1"]
[WhiteTeam "Zlin"]
[BlackTeam "Havirov Banik"]
[WhiteTeamCountry "CZE"]
[BlackTeamCountry "CZE"]

1. e4 c5 2. c3 g6 3. d4 cxd4 4. cxd4 Bg7 5. Nf3 d5 6. exd5 Nf6 7. Nc3 Nxd5 8. Be2 0-0 9. 0-0 Nc6 10. Be3 e6 11. Qd2 Nxe3 12. fxe3 Bh6 13. Bc4 Ne7 14. Qf2 Nf5 15. Rfe1 a6 16. e4 Nd6 17. Bb3 b5 18. Rad1 Bb7 19. d5 b4 20. dxe6 bxc3 21. exf7+ Kh8 22. e5 Bxf3 23. Rxd6 Qg5 24. Qxf3 cxb2 25. e6 Qc5+ 26. Kh1 Qxd6 27. Qe2 Qe7 28. Qxb2+ Bg7 29. Qf2 Rad8 30. h3 Bd4 31. Qe2 Kg7 32. Qe4 Bf6 33. Qe2 a5 34. Qe4 Rd4 35. Qe2 a4 36. Bc4 Rc8 37. Bb5 Rc5 38. Be8 Re5 0-1

[Event "Ostrava Konik op-A"]
[Site "Ostrava"]
[Date "2016.05.02"]
[Round "3"]
[White "Reznicek, Marcel"]
[Black "Orzechowski, Jacek"]
[Result "1-0"]
[WhiteElo "2064"]
[BlackElo "2209"]
[PlyCount "88"]
[EventDate "2016.04.30"]
[EventType "swiss"]
[EventRounds "9"]
[EventCountry "CZE"]
[SourceTitle "CBM 172 Extra"]
[Source "ChessBase"]
[SourceDate "2016.06.21"]
[SourceVersion "1"]
[SourceVersionDate "2016.06.21"]
[SourceQuality "1"]

1. e4 c6 2. d4 d5 3. Nc3 dxe4 4. Nxe4 Bf5 5. Ng3 Bg6 6. Nf3 Nd7 7. h4 h6 8. Bd3 Bxd3 9. Qxd3 e6 10. Be3 Ngf6 11. 0-0-0 Qc7 12. Ne2 Bd6 13. Rhg1 Ng4 14. Nd2 Ndf6 15. c4 c5 16. Kb1 a6 17. f3 Nxe3 18. Qxe3 cxd4 19. Nxd4 Bf4 20. Qe2 0-0-0 21. N2b3 Kb8 22. g4 e5 23. Nc2 Rxd1+ 24. Rxd1 Rd8 25. Rxd8+ Qxd8 26. Nb4 Qb6 27. Nd3 Qg1+ 28. Kc2 Qg3 29. Nbc5 Ka8 30. Kc3 Qg1 31. Ne4 Qb6 32. Kc2 Qc6 33. Nb4 Qb6 34. Nxf6 Qxf6 35. h5 g6 36. Nd5 Qg5 37. hxg6 fxg6 38. c5 Qd8 39. Qc4 Qa5 40. c6 Qd2+ 41. Kb3 Qd1+ 42. Kb4 Qe1+ 43. Nc3 e4 44. cxb7+ Kxb7 1-0

[Event "Karvina op"]
[Site "Karvina"]
[Date "2015.07.04"]
[Round "8"]
[White "Reznicek, Marcel"]
[Black "Talik, Patryk"]
[Result "1-0"]
[WhiteElo "2076"]
[BlackElo "1734"]
[PlyCount "116"]
[EventDate "2015.06.27"]
[EventType "swiss"]
[EventRounds "9"]
[EventCountry "CZE"]
[SourceTitle "CBM 167 Extra"]
[Source "ChessBase"]
[SourceDate "2015.09.14"]
[SourceVersion "1"]
[SourceVersionDate "2015.09.14"]
[SourceQuality "1"]

1. e4 e6 2. g3 d5 3. e5 c5 4. Bg2 Nc6 5. f4 Nh6 6. d3 Be7 7. Nc3 0-0 8. Nce2 f6 9. exf6 Bxf6 10. c3 Nf5 11. Nf3 e5 12. 0-0 Re8 13. fxe5 Nxe5 14. Nxe5 Bxe5 15. Nf4 Bxf4 16. Bxf4 Be6 17. Qe2 Qd7 18. Rae1 d4 19. c4 Bf7 20. Be4 h6 21. Qg2 Ne3 22. Bxe3 dxe3 23. Qf3 Re7 24. Qxe3 Rae8 25. Qxc5 Re5 26. Qxa7 Bxc4 27. dxc4 Rxe4 28. Rxe4 Rxe4 29. Qc5 Re2 30. b3 Rxa2 31. Rf8+ Kh7 32. Qf5+ Qxf5 33. Rxf5 Kg6 34. Rc5 Ra3 35. Rb5 Ra7 36. Kf2 Kf6 37. Ke3 Ke6 38. Kd4 Kd6 39. Rb6+ Ke7 40. b4 h5 41. b5 Kf7 42. c5 Ke8 43. Ke5 Ke7 44. Kf5 Kf7 45. Kg5 Kf8 46. Kxh5 Ra2 47. h4 Rc2 48. Rxb7 Rxc5+ 49. Kg6 Rc8 50. Rf7+ Kg8 51. Rxg7+ Kh8 52. Rh7+ Kg8 53. Rd7 Rb8 54. Rc7 Kh8 55. g4 Rg8+ 56. Kh6 Rb8 57. g5 Kg8 58. g6 Kh8 1-0

[Event "Karvina op"]
[Site "Karvina"]
[Date "2015.07.03"]
[Round "7"]
[White "Walica, Roman"]
[Black "Reznicek, Marcel"]
[Result "1/2-1/2"]
[WhiteElo "1900"]
[BlackElo "2076"]
[PlyCount "87"]
[EventDate "2015.06.27"]
[EventType "swiss"]
[EventRounds "9"]
[EventCountry "CZE"]
[SourceTitle "CBM 167 Extra"]
[Source "ChessBase"]
[SourceDate "2015.09.14"]
[SourceVersion "1"]
[SourceVersionDate "2015.09.14"]
[SourceQuality "1"]

1. e4 c5 2. Nf3 g6 3. c4 Bg7 4. d4 cxd4 5. Nxd4 Nc6 6. Be3 d6 7. Nc3 Bd7 8. Be2 Rc8 9. Rc1 h5 10. 0-0 Ne5 11. b3 Ng4 12. Bg5 Qb6 13. Ndb5 Bxb5 14. Nd5 Qd8 15. cxb5 Rxc1 16. Qxc1 N8f6 17. Bxg4 Nxd5 18. exd5 hxg4 19. Re1 Be5 20. Bf4 f6 21. Bxe5 dxe5 22. Qc4 Qd7 23. Rc1 Kf7 24. d6+ e6 25. Qc5 Rd8 26. Qxa7 Qxd6 27. Qxb7+ Qd7 28. Qe4 f5 29. Qe2 e4 30. g3 g5 31. Kf1 Qd5 32. b6 Kg6 33. Qc4 Qd6 34. Qc6 Qd3+ 35. Kg1 Rd6 36. Qe8+ Kh6 37. b7 e3 38. Qh8+ Kg6 39. Qb2 exf2+ 40. Qxf2 Qb5 41. Qa7 Rb6 42. Rc7 Qb4 43. Rg7+ Kh6 44. Rh7+ 1/2-1/2

[Event "Karvina op"]
[Site "Karvina"]
[Date "2015.06.27"]
[Round "1"]
[White "Reznicek, Marcel"]
[Black "Repak, Jan"]
[Result "1-0"]
[WhiteElo "2076"]
[BlackElo "1693"]
[PlyCount "43"]
[EventDate "2015.06.27"]
[EventType "swiss"]
[EventRounds "9"]
[EventCountry "CZE"]
[SourceTitle "CBM 167 Extra"]
[Source "ChessBase"]
[SourceDate "2015.09.14"]
[SourceVersion "1"]
[SourceVersionDate "2015.09.14"]
[SourceQuality "1"]

1. e4 c5 2. Nc3 Nc6 3. g3 e6 4. Bg2 g6 5. f4 Bg7 6. d3 d6 7. h4 h5 8. Nh3 Nh6 9. Nf2 e5 10. Nd5 exf4 11. Nxf4 Ne5 12. c3 Nhg4 13. N2h3 Bh6 14. d4 Nc6 15. Nd5 Bxc1 16. Qxc1 cxd4 17. cxd4 Qa5+ 18. Qc3 Qxc3+ 19. bxc3 0-0 20. 0-0 Kg7 21. Ng5 f6 22. Nc7 1-0